000 00776nam a2200265Ia 4500
003 OSt
005 20221007110546.0
006 a|||||r|||| 00| 0
007 ta
008 221006b |||||||| |||| 00| 0 eng d
024 _a21,338
037 _cTextual
040 _aLCO
_cLCO
_beng
041 _2eng
_aeng
082 _aY:45, K7
100 _aKlare Hugh J.
_9698024
245 0 _aFrontiers of Criminology
260 _aLondon
_bPergamon Press U.K.
_c1967
300 _a147
500 _aSummary of the Proceedings of the Brithsh Congress on Crime 5-9 September 1966 University College, London
650 _aCRIMINOLOGY
700 _a Haxby David
_9707637
942 _hY:45, K7
_cTEXL
999 _c1190901
_d1190901